[Event "Guimaraes Open 2018"]
[Site "Guimaraes"]
[Date "2018.10.06"]
[Round "3"]
[White "Herrera Reyes, Jose Antonio"]
[Black "Fernandes, Joao Pedro Murtinho"]
[Result "1-0"]
[WhiteElo "2343"]
[BlackElo "2052"]
[Annotator "TA"]
[PlyCount "163"]
[EventDate "2018.10.04"]
[EventType "swiss"]
[EventCountry "POR"]
[SourceTitle "playchess.com"]
[Source "ChessBase"]
[SourceQuality "1"]

{[%evp 9,163,-8,0,-13,-1,-9,5,-7,10,-4,1,-8,-4,-14,-9,-59,-73,-62,-69,-70,-65,-61,-68,-92,-24,-41,-35,-41,-36,-41,-35,-122,-102,-121,-95,-101,-99,-228,-222,-228,7,8,9,9,7,0,14,-259,14,22,14,11,9,11,87,-234,83,47,46,35,94,84,115,101,102,83,183,143,150,149,158,130,127,91,118,93,124,93,143,106,113,99,105,109,134,146,137,130,133,126,135,127,290,278,272,283,332,253,329,264,314,324,324,302,312,294,310,305,670,670,914,946,864,863,959,668,1394,1361,1398,1307,1289,1245,1159,1043,29969,12536,29971,29952,3522,2357,1566,8,29979,29979,29980,29981,29980,29981,29985,29986,29988,29989,29989,29990,29990,29989,29989,29990,29990,29988,29988,29984,29988,29989,29989,29988]} 1. Nf3 Nf6 2. g3 b5 3. Bg2 Bb7 4. d3 e6 5. c3 (5. O-O Be7 6. Nbd2 O-O 7. e4 d6 8. Re1 c5 9. Nf1 Nc6 10. h3 a5 11. a4 b4 12. g4 Rc8 13. Ng3 Nd7 {0-1 (52) Aravindh,C (2573)-Vallejo Pons,F (2716) Douglas 2017}) 5... Be7 6. Qb3 $146 {A05: Übergänge in verschiedene Eröffnungen} ({Vorgänger:} 6. O-O c5 7. e4 d6 8. Nbd2 Nbd7 9. Qe2 O-O 10. Rd1 Qc7 11. d4 cxd4 12. Nxd4 {0-1 (38) Liersch,A-Csom,I (2535) Hamburg 1977}) 6... a6 7. a4 c6 {[%cal Bc7c6,Bc6c5][%mdl 32]} 8. O-O {Die Stellung ist ausgeglichen.} O-O 9. e4 d6 10. Re1 Nbd7 11. d4 c5 12. Nfd2 Qb6 13. axb5 axb5 14. Rxa8 Rxa8 15. Na3 cxd4 16. cxd4 b4 ({Lieber} 16... Qxd4 $17 {Und ...Sc5 würde nun gewinnen.} 17. Nxb5 Qc5) 17. Ndc4 Qd8 (17... Qxd4 18. Be3 $18) 18. Nc2 {[#]} (18. Qxb4 Bxe4 $1 {[%mdl 512]} 19. Qb5 Bxg2 $17) 18... Bxe4 $1 {[%mdl 512]} 19. Bxe4 (19. Rxe4 Nxe4) 19... Nxe4 20. d5 (20. Nxb4 $15 Qb8 21. Nd2 (21. Rxe4 $2 d5 $19)) 20... Ndc5 $17 {[%cal Bd7c5,Bc5d3,Bd3e1][%mdl 32]} (20... exd5 21. N4e3 $15) 21. Qf3 exd5 22. N4e3 Nd3 23. Nxd5 (23. Rf1 $17) 23... Nxe1 $19 24. Nxe1 Ra1 $2 (24... Bg5 $19 {Weiss muss nun ...Sxf2 beachten.} 25. Qxe4 Bxc1) 25. Qxe4 $11 Rxc1 26. Nxe7+ Kf8 $132 {[%mdl 2048] Schwarz has counterplay} 27. Nf5 Qe8 (27... g6 {is more complex.} 28. Qe3 Rb1 29. Qh6+ Ke8 30. Qe3+ Kf8) 28. Qxe8+ Kxe8 29. Kf1 g6 $1 {[%cal Rg6f5]} 30. Nd4 Rd1 $1 {[%cal Rd1d4]} 31. Ndc2 b3 (31... Rb1 $11 32. Nxb4 Rxb2) 32. Na3 $2 {[%mdl 8192] [#]} (32. Nb4 $1 $16) 32... Ra1 $2 (32... Rd2 $1 $19 33. Nf3 Rxb2) 33. Nb5 Kd7 {Droht stark ...Tb1.} 34. Ke2 Ra5 (34... Rb1 $14 35. Nd3 g5) 35. Nd4 Ra4 36. Kd3 Ra1 37. Kd2 f5 (37... g5 $16 {war einen Versuch wert.}) 38. Nxb3 Rb1 39. Nd3 f4 40. Nbc1 (40. gxf4 $6 Rh1 $14) 40... fxg3 41. fxg3 Ra1 42. Ke3 Kc6 43. Kd4 Ra5 44. Nb4+ Kd7 45. Nd5 Ra1 46. Nd3 Rh1 47. h4 Rg1 48. Nf6+ Kc6 49. Ne4 ({Auf keinen Fall} 49. Nxh7 Rxg3 50. Nf8 Rg4+ 51. Ke3 Kb5 $14) 49... Rd1 50. Ke3 Rb1 $2 {[#]} (50... Rg1 $16 51. Kf3 Rf1+ 52. Ke3 Rg1) 51. Nf6 $1 $18 h6 52. Ng8 Rg1 53. Kf3 ({Nicht} 53. Nxh6 Rxg3+ 54. Kd2 Kd5 $11) 53... Rd1 54. Nf2 Rd2 55. Ne7+ ({Weniger gut wäre} 55. Nxh6 Rxb2 56. Nf7 Kd7 $18) 55... Kd7 56. Nxg6 Rxb2 57. Ng4 Rb3+ 58. Kg2 Rb2+ $2 (58... h5) 59. Kh3 h5 60. Nf6+ Ke6 61. Nxh5 Kf5 62. Nhf4 Rb3 63. Ne7+ Kf6 64. Ned5+ Kf5 65. h5 Kg5 66. Nc7 Kh6 67. Kh4 (67. Nce6 $142 Rf3 68. Kg4 Ra3 69. Nd4 Kg7 70. Nf5+ Kf6 71. Nxd6 Ra6 72. Nd5+ Kg7 73. Nc7) 67... Rb1 68. g4 {[%cal Bg3g4,Bg4g5][%mdl 32]} Rh1+ 69. Kg3 Rg1+ 70. Kf3 $2 (70. Kh3 $18 Kg5 71. Nce6+ Kf6 72. g5+ Ke7 73. h6) 70... Ra1 $2 {[%mdl 8192]} (70... Rf1+ $11 71. Kg3 Ra1) 71. Nce6 {Weiß setzt Matt.} Ra3+ 72. Ke4 Ra5 73. g5+ Kh7 74. Nd5 Ra4+ 75. Kf5 Ra5 76. Nef4 Kg7 77. Ke6 Ra1 78. h6+ Kf8 79. Ng6+ Ke8 80. Nf6+ Kd8 81. h7 Re1+ 82. Kf7 {Precision: Weiß = 56%, Schwarz = 39%.} 1-0

[Event "Guimaraes Open 2018"]
[Site "Guimaraes"]
[Date "2018.10.06"]
[Round "3"]
[White "Medarde Santiago, Luis Marcos"]
[Black "Dias, Ricardo Pedro Cruz"]
[Result "1-0"]
[WhiteElo "2341"]
[BlackElo "2098"]
[Annotator "RC"]
[PlyCount "89"]
[EventDate "2018.10.04"]
[EventType "swiss"]
[EventCountry "POR"]
[SourceTitle "playchess.com"]
[Source "ChessBase"]
[SourceQuality "1"]
[TimeControl "5400+30"]

1. e4 {[%emt 0:00:00]} e5 {[%emt 0:01:57]} 2. Nf3 {[%emt 0:00:00]} Nc6 {[%emt 0:00:13]} 3. Bc4 {[%emt 0:00:14]} Bc5 {[%emt 0:00:08]} 4. c3 {[%emt 0:00:06]} Nf6 {[%emt 0:00:04]} 5. d4 {[%emt 0:00:02]} exd4 {[%emt 0:00:06]} 6. e5 {[%emt 0:00:03]} d5 {[%emt 0:00:07]} 7. Bb5 {[%emt 0:00:02]} Ne4 {[%emt 0:00:07]} 8. cxd4 {[%emt 0:00:02]} Bb4+ {[%emt 0:00:09]} 9. Bd2 {[%emt 0:00:28]} Be7 {[%emt 0:00:12]} 10. Qc2 {[%emt 0:14:22]} O-O {[%emt 0:14:33]} 11. O-O {[%emt 0:15:35]} Bg4 {[%emt 0:02:40]} 12. Be3 {[%emt 0:09:46]} f6 {[%emt 0:03:08]} 13. Bxc6 {[%emt 0:12:33]} bxc6 {[%emt 0:00:22]} 14. Ne1 {[%emt 0:01:47]} Bf5 {[%emt 0:03:36]} 15. Qxc6 {[%emt 0:01:45]} Rb8 {[%emt 0:04:02]} 16. Nc3 {[%emt 0:06:25]} Nxc3 {[%emt 0:06:52]} 17. Qxc3 {[%emt 0:00:12]} Bb4 {[%emt 0:01:19]} 18. Qc1 {[%emt 0:00:35]} Bxe1 {[%emt 0:09:34]} 19. Rxe1 {[%emt 0:01:20]} Qd7 {[%emt 0:00:02]} 20. Bf4 {[%emt 0:01:42]} fxe5 {[%emt 0:02:48]} 21. Bxe5 {[%emt 0:00:51]} Rf7 {[%emt 0:00:09]} 22. b3 {[%emt 0:01:42]} Re8 {[%emt 0:05:50]} 23. Re3 {[%emt 0:06:46]} Re6 {[%emt 0:00:11]} 24. Rg3 {[%emt 0:00:45]} h6 {[%emt 0:07:53]} 25. Qa3 {[%emt 0:02:46]} c6 {[%emt 0:01:01]} 26. Rc1 {[%emt 0:00:14]} Qb7 {[%emt 0:00:54]} 27. Qa4 {[%emt 0:04:21]} Re8 {[%emt 0:07:05]} 28. Rc5 {[%emt 0:09:30]} Bd7 {[%emt 0:03:47]} 29. Qa5 {[%emt 0:01:12]} Qb6 {[%emt 0:00:41]} 30. h3 {[%emt 0:01:38]} Re6 {[%emt 0:04:06]} 31. f4 {[%emt 0:01:40]} Kh7 {[%emt 0:01:50]} 32. Qc3 {[%emt 0:02:03]} Re8 {[%emt 0:00:21]} 33. Qc2+ {[%emt 0:00:55]} Kg8 {[%emt 0:01:14]} 34. Qg6 {[%emt 0:01:31]} Re6 {[%emt 0:00:55]} 35. Qc2 {[%emt 0:00:40]} Re8 {[%emt 0:04:30]} 36. Kh2 {[%emt 0:00:13]} Qa6 {[%emt 0:00:37]} 37. Qg6 {[%emt 0:01:39]} Re6 {[%emt 0:00:31]} 38. Qh5 {[%emt 0:01:17]} Qf1 {[%emt 0:00:59]} 39. f5 {[%emt 0:00:39]} Rxe5 {[%emt 0:06:45]} 40. dxe5 {[%emt 0:00:28]} Qxf5 {[%emt 0:00:09]} 41. Qxf5 {[%emt 0:00:37]} Rxf5 {[%emt 0:00:01]} 42. e6 {[%emt 0:00:27]} Bxe6 {[%emt 0:00:17]} 43. Rxc6 {[%emt 0:00:07]} Bf7 {[%emt 0:00:25]} 44. Rc7 {[%emt 0:01:05]} a6 {[%emt 0:00:22]} 45. Rf3 {[%emt 0:00:13]} 1-0

[Event "Guimaraes Open 2018"]
[Site "Guimaraes"]
[Date "2018.10.06"]
[Round "3"]
[White "Chueca Forcen, Alberto"]
[Black "Pintor, Simao Maciel Abranc"]
[Result "0-1"]
[WhiteElo "2278"]
[BlackElo "2047"]
[Annotator "TA"]
[PlyCount "110"]
[EventDate "2018.10.04"]
[EventType "swiss"]
[EventCountry "POR"]
[SourceTitle "playchess.com"]
[Source "ChessBase"]
[SourceQuality "1"]

{[%evp 14,110,26,14,28,39,39,31,20,0,0,12,39,35,65,22,61,54,55,39,77,31,18,22,48,-13,-23,0,0,-98,-98,-185,-189,-255,-241,-238,-251,-221,-160,-157,-158,-154,-154,-166,-163,-177,-143,-144,-139,-139,-11,-166,-164,-166,-166,-171,-168,-189,-186,-241,-243,-410,-393,-416,-424,-684,-659,-458,-409,-1088,-1054,-766,-563,-565,-455,-541,-528,-420,-317,-753,-727,-1735,-1699,-1882,-845,-29974,-29975,-29975,-29971,-29974,-29964,-29983,-29983,-29989,-29990,-29990,-29991,-29992,-29991]} 1. e4 c5 2. Nf3 Nc6 3. d4 cxd4 4. Nxd4 g6 5. Nc3 Bg7 6. Be3 Nf6 7. Bc4 O-O 8. Bb3 Re8 {B35: Sicilian: Accelerated Dragon with 5 Nc3: main line} 9. f3 e6 (9... d5 10. exd5 Nb4 11. Nde2 e6 12. Bd4 exd5 13. O-O Be6 14. Bf2 d4 15. Nxd4 Bxb3 16. Nxb3 {½-½ (16) Jakovenko,D (2735)-Gelfand,B (2695) Poikovsky 2018}) 10. Qd2 d5 {White is slightly better.} 11. Nxc6 bxc6 12. O-O-O Qa5 13. Kb1 {[%cal Rc3d5]} Nd7 $146 ({Predecessor:} 13... Ba6 14. Nxd5 Qd8 15. Nb4 Qc8 16. Nxa6 Qxa6 {1-0 (45) Bernat,E (1880)-Gutierrez Anso,J (2087) Barbera del Valles 2018}) 14. Na4 Qb5 15. h4 c5 {[#] Hoping for ...c4.} 16. c3 ({Worse is} 16. exd5 c4 $17) 16... dxe4 17. fxe4 (17. c4 $5 {[%cal Rc4b5]} Qc6 18. h5 $14) 17... c4 18. Bc2 Rb8 19. Bxa7 ({White should play} 19. h5 $14) 19... Rb7 $11 20. Bd4 Ne5 21. Bxe5 (21. h5 $11) 21... Bxe5 $17 22. Qe3 (22. h5 $17 {is the only way for White.}) 22... Bd7 $19 23. Qc5 (23. Rxd7 $142 Rxd7 24. Qb6) 23... Rc8 24. Qxb5 Bxb5 25. Rh3 Ra8 26. Nc5 Rc7 27. b4 cxb3 $1 28. Nxb3 Bxc3 29. Nd4 Bd7 {...e5 is the strong threat.} 30. Rhd3 Ba4 $36 {[%mdl 2048] Black is really pushing.} 31. Bb3 e5 {[#]} (31... Bxb3 $17 32. Nxb3 Bf6) 32. Nc2 $2 (32. Ne6 $1 $11 {[%mdl 512]} fxe6 33. Rd8+ Rxd8 34. Rxd8+ Kf7 35. Bxa4) 32... Kg7 33. Rd8 Rxd8 34. Rxd8 Rb7 35. Rd3 Bxb3 36. Rxc3 {[%mdl 4096] Endgame KRB-KRN} (36. axb3 $142 Rxb3+ 37. Kc1) 36... Bd5+ $1 37. Ka1 $2 (37. Kc1 Bxe4 38. Rc5) 37... Bxe4 38. g3 h5 39. a3 (39. a4 $142 Ra7 40. Kb2) 39... Bxc2 40. Rxc2 {KR-KR} Rb3 41. Ra2 (41. a4 $142 e4 42. Ka2 Rxg3 43. Kb2) 41... Rxg3 42. a4 Rc3 43. a5 Rc8 44. Kb2 Kf6 45. Kb3 e4 46. Rf2+ $2 (46. a6) 46... Ke6 47. Kb4 f5 {[%cal Bf7f5,Bf5f4,Bf4f3,Bf3f2][%mdl 32]} 48. Kb5 e3 (48... Ke5 $142 49. Rf1 f4) 49. Re2 f4 {Black mates.} 50. a6 Kd5 51. a7 Ke4 52. Rg2 f3 53. Rxg6 f2 54. Rf6 e2 55. Rc6 Ra8 {Precision: White = 32%, Black = 60%.} 0-1

[Event "Guimaraes Open 2018"]
[Site "Guimaraes"]
[Date "2018.10.06"]
[Round "3"]
[White "Frois, Antonio"]
[Black "Solodovnichenko, Yuri"]
[Result "0-1"]
[WhiteElo "2267"]
[BlackElo "2554"]
[Annotator "TA"]
[PlyCount "46"]
[EventDate "2018.10.04"]
[EventType "swiss"]
[EventCountry "POR"]
[SourceTitle "playchess.com"]
[Source "ChessBase"]
[SourceQuality "1"]

{[%evp 19,46,-20,-3,-9,0,-7,0,-11,-2,-7,0,-52,-49,-80,-75,-79,-94,-83,-86,-125,-115,-175,-179,-316,-308,-308,-295,-297,-301]} 1. Nf3 d5 2. g3 c6 3. Bg2 Nf6 4. O-O Bg4 5. d3 e6 6. c4 Be7 7. cxd5 {A11: English Opening: 1...c6} Bxf3 8. Bxf3 cxd5 9. Qa4+ (9. b3 Nc6 10. Bb2 O-O 11. e3 Rc8 12. a3 Ne8 13. d4 Nd6 14. Qd3 Na5 {½-½ (56) Nakamura,H (2785)-Adams,M (2751) Sharjah 2017}) 9... Nc6 10. Nc3 O-O {LiveBook: 5 Games} 11. Bd2 Qb6 12. Rab1 Rfc8 13. Bg2 a6 14. Rfc1 Qa7 $146 ({Predecessor:} 14... Rc7 15. a3 Bc5 16. Be1 Nd4 17. b4 Be7 {½-½ (29) Buchal,S (2267)-Astrom,L (2097) Helsingor 2015}) 15. Bg5 (15. e3 $11) 15... b5 $36 {[%mdl 2048] Black has some pressure.} 16. Qh4 h6 17. Bxf6 Bxf6 18. Qh5 Ne5 19. Nd1 Bg5 20. Rxc8+ (20. e3 $17) 20... Rxc8 $19 21. Bf1 (21. Kh1 $142 Rc2 22. Bf1) 21... g6 {Black has a decisive advantage.} 22. Qh3 Qc5 23. Ra1 Bc1 {Precision: White = 44%, Black = 56%.} 0-1

[Event "Guimaraes Open 2018"]
[Site "Guimaraes"]
[Date "2018.10.06"]
[Round "3"]
[White "Paasikangas-Tella, Johanna"]
[Black "Huerga Leache, Mikel"]
[Result "0-1"]
[WhiteElo "2220"]
[BlackElo "2438"]
[Annotator "TA"]
[PlyCount "116"]
[EventDate "2018.10.04"]
[EventType "swiss"]
[EventCountry "POR"]
[SourceTitle "playchess.com"]
[Source "ChessBase"]
[SourceQuality "1"]

{[%evp 15,116,-9,10,-10,-10,-25,-25,-33,-36,-86,-69,-85,29,-54,-54,-54,-54,-57,-60,-60,-51,-61,-60,-59,-62,-56,-60,-73,-64,-65,-57,-64,-39,-62,-38,-84,-75,-79,0,-18,0,-76,-72,-74,-66,-87,-76,-74,-68,-167,-34,-127,-125,-108,-115,-129,-112,-109,0,-29,-12,-12,-5,-133,-100,-138,-81,-259,-266,-615,-601,-614,-603,-511,-644,-614,-252,-1501,-889,-5527,-333,-593,-277,-569,-542,-391,-317,-1163,-1130,-911,-910,-2313,-2425,-6111,-1198,-1229,-1166,-985,-979,-883,-774,-774,-639]} 1. d4 Nf6 2. Nf3 e6 3. Bg5 h6 4. Bh4 d6 5. e3 g5 6. Bg3 {A46: 1 d4 Nf6 2 Nf3 e6: Torre, London and Colle Systems} Nh5 7. Nfd2 (7. Nbd2 Bg7 8. c3 Nd7 9. Bd3 Qe7 10. Qe2 a6 11. O-O-O b5 12. Nf1 Rb8 13. h4 {1-0 (28) Radjabov,T (2710)-Mchedlishvili,M (2601) Doha 2016}) 7... Nxg3 8. hxg3 Bg7 {LiveBook: 10 Games} 9. c3 O-O $146 ({Predecessor:} 9... Nd7 10. e4 c5 11. d5 exd5 12. exd5 O-O 13. Be2 {0-1 (53) Pohjala,H (2361)-Yemelin,V (2556) Sastamala 2014}) 10. Bd3 Nd7 11. e4 c5 12. Nc4 cxd4 13. cxd4 Nb6 (13... d5 $17 14. exd5 exd5) 14. Nc3 ({White should try} 14. Ne3 $1 $11) 14... Nxc4 $15 15. Bxc4 Qb6 16. Qd2 Qxd4 17. Qxd4 Bxd4 18. Rxh6 Kg7 19. Rh5 Kg6 20. g4 Bd7 {...Rac8 is the strong threat.} 21. Rd1 Be5 22. Bd3 Rac8 23. Kd2 b5 {[%cal Bb7b5,Bb5b4][%mdl 32]} 24. Rdh1 b4 25. Nd1 Rc5 26. g3 Rfc8 (26... Kf6 $17) 27. Ke3 $1 $11 {Strongly threatening f4.} Bb5 28. Rh6+ (28. Rh7 $11 {keeps the balance.} Bg7 29. f4) 28... Kg7 $17 29. Bxb5 Rxb5 30. f4 Bf6 31. Rh7+ Kg8 32. Nf2 (32. b3 $15) 32... Rc4 ({Black should play} 32... b3 $1 $19 {[%cal Rb3a2]} 33. a4 Rb4) 33. Nd3 (33. b3 $1 $15 Rc3+ 34. Nd3) 33... b3 34. a3 Ra5 35. R7h6 Bg7 36. R6h5 Rc2 (36... gxf4+ $17 37. gxf4 Rxh5 38. Rxh5 (38. gxh5 Bd4+ 39. Kf3 Rc2 $17) 38... Bd4+ 39. Kf3 Bxb2 $1 {[%mdl 512]} 40. Nxb2 Rc3+ 41. Ke2 Rc2+ 42. Kd3 Rxb2) 37. R5h2 Rxh2 (37... gxf4+ {is interesting.} 38. gxf4 Rc4 39. Re2 Raa4 40. Kf3 a5) 38. Rxh2 $11 {[%mdl 4096] Endgame KRB-KRN} Ra4 39. Nc1 {[#]} ({Reject} 39. fxg5 Bd4+ 40. Kf3 Rc4 $17) (39. Nb4 $1 $11 {remains equal.}) 39... Rxa3 $1 $17 40. Rd2 {[#]} Ra2 $1 {[%mdl 512]} 41. Nd3 $2 (41. Nxb3 $17 Rxb2 42. Rd3) (41. Nxa2 bxa2) 41... a5 $19 42. e5 $2 (42. Rh2) 42... gxf4+ 43. gxf4 dxe5 44. Nxe5 Bxe5 45. fxe5 {KR-KR} Kg7 (45... a4 $142 46. Rd8+ Kg7) 46. Kf4 $2 (46. Kd3) 46... Kg6 47. Re2 Ra4+ $2 (47... a4 {Hoping for ...a3.} 48. Re4 Rxb2 49. Rxa4 Rb1) 48. Kf3 $2 (48. Ke3 {was forced.}) 48... Kg5 (48... Rc4 $142 49. Re1 Rc2) 49. Rg2 $2 (49. Ke3 {only move.}) 49... Rf4+ 50. Ke3 a4 51. Rg1 $2 (51. Re2) 51... Rxg4 {Black is clearly winning.} 52. Rf1 Rg2 53. Ra1 Rxb2 54. Rxa4 Rh2 (54... Rb1 $142 55. Rb4 b2) 55. Ra5 Kf5 56. Rb5 b2 57. Kf3 Rc2 58. Ke3 {[#]} Rc5 $1 {[%mdl 512] Precision: White = 23%, Black = 58%.} 0-1

[Event "Guimaraes Open 2018"]
[Site "Guimaraes"]
[Date "2018.10.06"]
[Round "3"]
[White "Costa, Paulo Jorge Lopes d"]
[Black "Khamrakulov, Ibragim S."]
[Result "0-1"]
[WhiteElo "2191"]
[BlackElo "2432"]
[Annotator "TA"]
[PlyCount "86"]
[EventDate "2018.10.04"]
[EventType "swiss"]
[EventCountry "POR"]
[SourceTitle "playchess.com"]
[Source "ChessBase"]
[SourceQuality "1"]

{[%evp 15,86,0,11,0,16,3,47,42,39,47,73,71,100,68,62,77,80,35,18,0,0,0,0,0,0,-16,0,-27,-25,-42,-21,-16,-62,-116,-97,-113,0,0,0,0,0,0,0,0,0,0,0,0,0,-12,-12,-13,-14,-23,0,-18,-15,-13,-16,-33,-38,-75,-34,-69,-33,-47,-36,-44,-52,-462,-468,-942,-260]} 1. Nf3 c5 2. g3 Nc6 3. Bg2 g6 4. O-O Bg7 5. d3 e6 6. e4 Nge7 7. c3 O-O 8. Re1 e5 {LiveBook: 93 Games} 9. a4 {A04: Unusual lines after 1 Nf3 and King's Indian Attack} (9. a3 d6 10. b4 Be6 11. b5 Nb8 12. c4 h6 13. Nc3 Nd7 14. Nd5 a6 15. Rb1 axb5 16. Rxb5 b6 17. Qb3 Ra6 18. Bd2 {½-½ (39) Carlsen,M (2832)-Grischuk,A (2750) chess.com INT 2017}) 9... b6 10. Na3 d5 $146 ({Predecessor:} 10... Ba6 11. Nc4 d6 12. Nh4 Qd7 13. f4 exf4 14. Bxf4 Ne5 15. Qe2 Nxc4 16. dxc4 {0-1 (30) Mitura,K (1976)-Manik,M (2454) Piestany 2006}) 11. exd5 {White is slightly better.} Nxd5 12. Nc4 {[%cal Rf3e5]} Re8 13. Ng5 f6 14. Qf3 Nde7 15. Ne4 $1 {[%cal Re4f6]} Rf8 16. Ned6 Be6 17. a5 Rb8 $1 {[#] Threatens to win with ...b5.} 18. axb6 axb6 19. Nb5 Qd7 20. Qe2 Rfd8 21. Bf1 Nf5 22. f4 {[%cal Rf4e5]} Nb4 23. fxe5 fxe5 24. Ra7 (24. Na7 $15) 24... Qxb5 $17 25. cxb4 Nd4 ({Much weaker is} 25... Qxb4 $6 26. Bd2 $11) (25... cxb4 $17 26. Qf2 Rf8) 26. Rxg7+ $1 $11 Kxg7 27. Qxe5+ Kg8 28. Bg2 Bxc4 29. dxc4 Qxc4 {[#] White must now prevent ...Ne2+!} 30. Bg5 Nc2 31. Bxd8 Rxd8 32. Qe6+ Qxe6 33. Rxe6 {[%mdl 4096] Endgame KRB-KRN} Rd1+ 34. Kf2 cxb4 35. Rxb6 Rd2+ 36. Kg1 Ne3 37. Bh3 Rxb2 38. Re6 Nc4 {And now ...b3 would win.} 39. Re7 {Be6+ is the strong threat.} Nd2 {aiming for ...Nf3+.} 40. Be6+ Kh8 41. Bd5 b3 {Strongly threatening ...Rc2.} 42. Re2 $2 {[%mdl 8192]} (42. Rb7 $15) 42... Rc2 $19 43. Bxb3 (43. Kf2 $142 b2 44. Re8+ Kg7 45. Ba2) 43... Rc1+ $2 {Precision: White = 48%, Black = 52%.} (43... Nf3+ 44. Kf2 Rxe2+ 45. Kxe2 Nd4+ 46. Kd2 Nxb3+ 47. Kc3 Na5) 0-1

[Event "Guimaraes Open 2018"]
[Site "Guimaraes"]
[Date "2018.10.06"]
[Round "3"]
[White "Rey Malde, Henrique"]
[Black "Suarez Uriel, Adrian"]
[Result "0-1"]
[WhiteElo "2185"]
[BlackElo "2385"]
[Annotator "TA"]
[PlyCount "90"]
[EventDate "2018.10.04"]
[EventType "swiss"]
[EventCountry "POR"]
[SourceTitle "playchess.com"]
[Source "ChessBase"]
[SourceQuality "1"]

{[%evp 20,90,32,7,10,9,14,8,9,1,18,24,29,0,12,0,56,52,29,34,42,-6,-6,-7,0,-11,0,0,0,-22,-22,-22,-22,-18,-22,-35,12,10,11,-12,-12,-28,-38,-44,-44,-50,-44,-47,-18,-18,-18,-66,-66,-66,-60,-64,-63,-139,-131,-154,-160,-169,-169,-160,-160,-872,-867,-783,-800,-29980,-29981,-6103,-1944]} 1. e4 c5 2. Nf3 d6 3. d4 cxd4 4. Nxd4 Nf6 5. Nc3 Bd7 6. Bc4 Nc6 7. Bb3 a6 8. O-O {B57: Classical Sicilian: Sozin with 6...Qb6} g6 (8... e6 9. Be3 Be7 10. f4 O-O 11. f5 Nxd4 12. Bxd4 e5 13. Be3 Bc6 14. Qf3 Rc8 15. Rad1 b5 16. a3 a5 17. Bg5 Nxe4 18. Bxe7 Nxc3 19. Qg4 Qxe7 {0-1 (47) Zlatic,M (2463)-Bogosavljevic,B (2526) Kragujevac 2009}) 9. Re1 Bg7 10. Bg5 O-O 11. h3 $146 {LiveBook: 7 Games} ({Predecessor:} 11. Nxc6 Bxc6 12. Nd5 Bxd5 13. exd5 Re8 14. c4 Nd7 15. Ba4 Rb8 16. Bxd7 Qxd7 {0-1 (27) Atutubo,R-Shirazi,K (2395) Philadelphia 1989}) 11... Nxd4 12. Qxd4 h6 13. Bd2 Bc6 {Threatening ...Nxe4.} 14. Qd3 b5 15. Rad1 Nd7 16. Qg3 {aiming for Qxg6.} Kh7 17. Nd5 e6 ({Better is} 17... a5 $11) 18. Qxd6 $14 Ne5 19. Qxd8 Rfxd8 20. Nb4 Bb7 21. Bc3 a5 $36 {[%mdl 2048] White is under pressure.} 22. Bxe5 {Nd3 is the strong threat.} Bxe5 23. Nd3 Bg7 24. Nc5 {Black must now prevent Rxd8.} Bc6 25. c3 a4 26. Rxd8 Rxd8 27. Rd1 Rxd1+ ({And not} 27... axb3 28. Rxd8 bxa2 29. Rd1 $16) 28. Bxd1 $15 {[%mdl 4096] Endgame KBB-KBN} Bf8 29. Nd3 Bxe4 30. Ne5 Bd6 31. Ng4 {Strongly threatening Nf6+.} Kg7 32. Be2 Bc6 33. Ne3 f5 34. Nc2 e5 {[%cal Be6e5,Be5e4][%mdl 32]} 35. a3 Kf6 36. Nb4 Be8 37. c4 bxc4 38. Bxc4 {[#]} (38. Nd5+ $1 $15 Kg7 39. Bxc4) 38... e4 $1 $17 39. Kf1 g5 40. Nd5+ Ke5 41. Nc3 Bc5 42. Bb5 $2 (42. Be2 $17) 42... Bxb5+ $19 43. Nxb5 {[#]} Bd4 $1 {[%cal Rd4b2]} 44. Nxd4 Kxd4 45. Ke2 Ke5 {Precision: White = 45%, Black = 69%.} (45... f4 $142 46. Kd2 Kc4) 0-1

[Event "Guimaraes Open 2018"]
[Site "Guimaraes"]
[Date "2018.10.06"]
[Round "3"]
[White "Fernandes, Ricardo Paulos"]
[Black "Areal, Pedro Miguel Rosa"]
[Result "1-0"]
[WhiteElo "2160"]
[BlackElo "1734"]
[Annotator "TA"]
[PlyCount "75"]
[EventDate "2018.10.04"]
[EventType "swiss"]
[EventCountry "POR"]
[SourceTitle "playchess.com"]
[Source "ChessBase"]
[SourceQuality "1"]

{[%evp 21,74,1,16,0,16,20,50,38,46,36,87,39,44,33,46,6,27,-3,74,74,60,64,66,63,68,75,75,75,363,373,358,299,464,332,320,320,322,283,306,298,335,228,414,429,440,410,425,376,896,909,897,880,29998,29999,29999]} 1. Nf3 d5 2. g3 Nf6 3. Bg2 Bg4 4. d3 e6 5. Nbd2 Be7 6. O-O Nbd7 7. c4 c6 8. a3 a5 9. b3 O-O 10. Bb2 Ne8 {A12: Reti-Eröffnung (New-Yorker-System)} 11. Qc2 Bf6 {LiveBook: 3 Partien} 12. e4 $146 ({Vorgänger:} 12. b4 Nd6 13. Bxf6 Qxf6 14. Rab1 axb4 15. axb4 Ra3 16. Rb3 Ra4 17. Rfb1 h6 18. e3 {0-1 (44) Chuchelov,V (2545)-Beliavsky,A (2690) Frankfurt 1998}) 12... Bxb2 {Die Stellung ist ausgeglichen.} 13. Qxb2 Qf6 14. e5 Qh6 15. d4 Bh3 ({Günstiger ist} 15... Nc7 $14) 16. Nh4 {[%cal Bf3h4,Bh4g2,Bg2f4,Bf4e6][%mdl 32]} Bxg2 17. Nxg2 Nc7 18. Nf4 f6 19. cxd5 fxe5 {[#]} (19... exd5 $11 {bleibt in der Remisbreite.} 20. e6 g5) 20. Nxe6 $1 $16 ({Viel schwächer wäre} 20. dxe5 exd5 21. Nd3 Ne6 $11) 20... Nxe6 21. dxe6 Qxe6 22. Rae1 {[%cal Rd4e5]} Rae8 23. f4 {[%cal Rd4e5]} e4 24. Rxe4 Qxe4 $4 {[%mdl 8192] [#]} (24... Qd5 $16 25. Rfe1 Rxe4 26. Rxe4 Rd8) 25. Nxe4 $18 Rxe4 26. Qd2 Rfe8 (26... Rf5 $142 27. Re1 Rxe1+ 28. Qxe1 Kf7) 27. Qxa5 Nf6 28. Qb6 R8e7 29. Qc5 Re2 30. b4 Kf7 31. b5 cxb5 $2 (31... Rb2 32. Qc3 (32. bxc6 Ree2 $11) 32... Rxb5) 32. Qxb5 Rd2 33. Qc4+ Kg6 {beabsichtigt ...Tee2.} 34. f5+ Kh5 $2 (34... Kh6 35. Qc3 Ree2) 35. Qc3 Ree2 36. Qf3+ Kg5 37. Qf4+ Kh5 38. Qh4# {Precision: Weiß = 56%, Schwarz = 27%.} 1-0